[Event "Airthings Masters KO 2020"]
[White "Aronian,Levon"]
[Black "Radjabov,Teimour"]
[Site "Online"]
[Round "3.2"]
[Annotator "TA"]
[Result "1/2-1/2"]
[Date "2021.01.03"]
[WhiteElo "2781"]
[BlackElo "2765"]
[PlyCount "83"]

1. e4 {} e5 2. Nf3 Nc6 3. Bc4 Bc5 4. c3 Nf6 5. d3 0-0 6. 0-0 d6 7. Bg5 h6 8. Bh4 g5 {8...a6 is the modern
continuation. C54: Giuoco Piano: 4 c3 Nf6, main lines with 5 d4 and 5 d3.} 9. Bg3 a5 10. Re1 {[#]} Re8 $146 {White is slightly better.} ({Predecessor:} 10... Ba7 11. Na3 Kg7 12. Nb5 Bb6 13. d4 Nh5 14. Rc1 Qf6 15. Bd5 Nxg3 16. hxg3 Ne7 17. Bb3 Ng6 18. c4 exd4 19. Nfxd4 c6 20. Nf5+ Bxf5 {0-1 (20) Bacrot,E (2673)
-Maghsoodloo,P (2676) chess.com INT 2020} )11. Nbd2 {
} Ba7 12. Nf1 Be6 13. Bb5 Bd7 14. Ne3 Ne7 {
} 15. a4 c6 16. Bc4 Ng6 17. Qc2 Nf4 18. Rad1 Qe7 19. d4 exd4 20. Bxf4 gxf4 21. e5 {[#]} dxe3 $4 {} (21... d3 $1 $19 {} 22. Qxd3 fxe3 23. Qg6+ { Double Attack} Kh8 24. Qxh6+ { Double
Attack} Nh7 25. fxe3 d5 )22. Qg6+ $18 Kh8 23. Qxh6+ Nh7 24. Bd3 $1 {
} exf2+ 25. Kf1 $1 {} fxe1=Q+ 26. Rxe1 {
} Bf5 27. Bxf5 {} f6 28. exf6 Qf7 {
( -> ...Qc4+)} 29. Re6 $4 {} Rxe6 $19 30. Ng5 Rxf6 31. Nxf7+ Rxf7 32. Bxh7 Rxh7 33. Qf6+ Kg8 34. Qg6+ Rg7 35. Qe6+ Rf7 36. Qg6+ {[#]} Kf8 $1 {
Threatens to win with ...Bc5.} 37. Qxd6+ Kg7 {Hoping for ...Re8.} 38. Qe5+ {[#]
} Kg6 $1 39. Qe6+ Kg7 ({Black should play} 39... Rf6 $19 40. Qg4+ Kh6 41. Qh3+ Kg7 42. Qg4+ Kf8 )40. Qe5+ $17 Kg6 (40... Kg8 $17 {Strongly threatening ...f3.} 41. Qxa5 Kf8 )41. Qe6+ $1 $19 Kg7 {And now ...Bb6 would win.} 42. Qe5+ $1 {
Quite a comeback for White.  Weighted Error Value: White=0.30/Black=0.39} 1/2-1/2

[Event "Airthings Masters KO 2020"]
[White "Radjabov,Teimour"]
[Black "Aronian,Levon"]
[Site "Online"]
[Round "3.2"]
[Annotator "TA"]
[Result "1-0"]
[Date "2021.01.01"]
[WhiteElo "2765"]
[BlackElo "2781"]
[PlyCount "123"]

1. d4 {} Nf6 2. c4 g6 3. Nc3 d5 4. Bg5 Ne4 5. Bf4 Nxc3 6. bxc3 c5 {D80: Grünfeld: Unusual White 4th moves and 4 Bg5.} 7. e3 Nc6 {[#]} 8. cxd5 $146 ({Predecessor:} 8. Nf3 cxd4 9. cxd4 Qa5+ 10. Qd2 dxc4 11. Bxc4 Bd7 12. Ne5 Qxd2+ 13. Kxd2 Nxe5 14. Bxe5 {1/2-1/2 (23) Tempone,M (2423)-Alonso,S 
(2355) Buenos Aires 1999} )Qxd5 {The position is equal.} 9. Qf3 Qd7 10. Bb5 {aiming for d5.} a6 11. Bxc6 Qxc6 12. Qxc6+ bxc6 13. Nf3 Bg7 14. Ne5 Bf5 15. f3 Bxe5 16. Bxe5 f6 17. Bg3 Bd3 18. Rd1 c4 19. Rd2 Kf7 20. Rb2 Rhd8 21. e4 c5 (21... Rd7 $11 )22. dxc5 $14 Rac8 23. Bf2 f5 24. exf5 gxf5 25. Be3 f4 26. Bxf4 Rxc5 27. Kf2 Rb5 28. Rxb5 axb5 $16 { Endgame KRB-KRB} 29. a3 Ra8 30. Ra1 Ra6 31. g4 Ke6 32. h4 Kd5 33. h5 e5 34. Be3 Ra8 35. Bg5 Ke6 36. Bh4 Kd5 37. Ke3 Ke6 38. Ra2 Kd5 39. Be7 Ke6 40. Bb4 h6 {Black is now going
downhill.} (40... Kd5 $14 )41. Rb2 Bh7 42. Kf2 Bd3 (42... Kd7 $16 43. Re2 Re8 )43. Bc5 $18 Kd5 (43... Kd7 $142 44. Be3 (44. Rxb5 Kc6 $17 )Rxa3 )44. Be3 ({Worse is} 44. Rxb5 Kc6 $17 )Kc6 {[#]} 45. Ra2 ({Weaker is} 45. Bxh6 Rxa3 46. Bd2 Rb3 $18 )e4 46. Bxh6 exf3 47. Kxf3 b4 48. cxb4 c3 49. Ke3 Bb1 50. Ra1 c2 51. Kf3 Kb5 $2 (51... Rf8+ 52. Kg2 (52. Bxf8 $2 {is the wrong
capture.} c1=Q $19 )Rf6 )52. a4+ Kxb4 53. a5 Ra6 54. Bc1 Rf6+ 55. Kg2 Rd6 56. a6 {Intending a7 and mate.} Rd1 57. Be3 Rd3 {[#]} 58. Bc1 (58. a7 $142 $1 Rd8 59. a8=Q { Promotion} Rxa8 60. Rxa8 )Rd1 $1 {} 59. Bh6 Rd6 {[#]} 60. a7 $1 Rxh6 (60... c1=Q 61. Bxc1 )61. a8=Q c1=Q {[#]} 62. Rxb1+ $1 { Weighted Error Value: White=0.04/Black=0.18} 1-0

[Event "Airthings Masters KO 2020"]
[White "Dubov,Daniil"]
[Black "Vachier-Lagrave,Maxime"]
[Site "Online"]
[Round "3.2"]
[Annotator "TA"]
[Result "1-0"]
[Date "2021.01.01"]
[WhiteElo "2699"]
[BlackElo "2784"]
[PlyCount "117"]

1. e4 {} c5 2. Nf3 d6 3. Bb5+ Bd7 4. Bxd7+ Qxd7 5. c4 Nf6 6. Nc3 g6 7. 0-0 Bg7 8. d4 cxd4 9. Nxd4 0-0 {B52: Sicilian: Moscow Variation with 3...Bd7.} 10. Be3 Rc8 11. b3 {[#]} Ng4 $146 {The position is equal.} ({Predecessor:} 11... a6 12. a4 Nc6 13. f3 e6 14. Rc1 d5 15. cxd5 exd5 16. Nxc6 bxc6 17. e5 Ne8 18. f4 f6 19. Bc5 fxe5 20. fxe5 Nc7 21. Ne4 Bxe5 22. Ng5 Re8 23. Rf7 Qd8 24. Qg4 h5 25. Qh4 Ne6 26. Be3 Nxg5 27. Bxg5 Qb6+ {0-1 (27) Bojkov,D (2523)-Gaponenko,I (2422)
Reykjavik 2008} )12. Bg5 h6 13. Bh4 Nc6 14. Nxc6 bxc6 ({Don't blunder} 14... Qxc6 $2 15. Nd5 $18 )15. Qd2 g5 16. Bg3 Qe6 17. Rac1 Rd8 18. h3 Ne5 19. Qe2 Ng6 20. Rfe1 Be5 21. Nd1 Bxg3 22. fxg3 Qe5 23. Ne3 e6 (23... Qxe4 $11 24. Qf1 Qd4 )24. Qf2 h5 25. Rcd1 Qh8 26. Rd2 Rd7 27. Red1 Rad8 28. c5 $1 {} d5 {
[#]} 29. Nc4 $1 {} h4 $14 30. Nd6 {} hxg3 31. Qxg3 Qh4 {
White now steadily converts the win.} 32. Qc3 g4 ({Better is} 32... Nf4 )33. exd5 $16 cxd5 {[#]} 34. Rd4 $1 {} Qh8 35. hxg4 Qe5 36. Re1 Qg7 37. b4 Rxd6 (37... Ne5 $16 {was necessary.} )38. cxd6 $18 Rxd6 39. b5 a6 (39... Qf6 $142 40. Rd3 Qd8 )40. a4 axb5 41. axb5 Rb6 42. Rb1 Qe5 43. Qd2 Kg7 (43... Qb8 {
keeps fighting.} 44. Rdb4 Qd6 )44. Qf2 Qf6 $2 (44... Qc7 45. Ra4 Qb7 )45. Ra4 {
White is clearly winning.} Qxf2+ 46. Kxf2 { Endgame KRR-KRN} Ne5 47. Ke3 Rb7 48. Kd4 Nd7 49. Ra6 Kf6 50. Rc6 Ke7 51. g5 Nb8 52. Kc5 Nd7+ {[#]} 53. Kb4 $1 Ne5 54. Ra6 Nd3+ 55. Ka5 Ne5 56. b6 Nc6+ 57. Kb5 Kd6 58. Ra8 e5 59. Rc1 {Weighted Error Value: White=0.12/Black=0.30} 1-0